Une anecdote = une série télé d'animation - Statistiques

Statistiques générales
  • Ce quiz a été pris 82 fois
  • Le résultat moyen est 8 sur 20
Statistiques - réponses
Anecdotes Dessin Animé % Correct
Seules les mains gantées de son ennemi sont visibles, le reste est caché par le dossier de son siège Inspecteur Gadget
95%
Ces Extraterrestres coincés sur Terre cherchent à rentrer sur leur planète nommée Zygma B Les zinzins de l'espace
77%
Un chat bleu lutte contre un trio de harceleurs, vivant derrière la grille d'aération d'une pièce de sa maison Oggy et les cafards
74%
Petit indien Sioux capable de communiquer avec tous les animaux Yakari
73%
Un Corythosaurus aimant la guitare et le skateboard Denver, le dernier dinosaure
56%
La série met en scène six mois d'aventures de deux garçons vivant au milieu du XIXe siècle dans une bourgade du Middlewest des États-Unis Tom Sawyer
52%
Fuyant sa planète, il est blessé à l'œil et hérite de la même cicatrice que son père Albator
44%
A coups de smash, l'attaquante Hazuki (son nom de famille) vise les Jeux Olympiques de Séoul Jeanne et Serge
42%
C'est dans l'Angleterre de l'époque Victorienne, que cette fillette issue d'un milieu aisé, va changer de statut social dans un pensionnat Princesse Sarah
42%
De cette série, deux albums ont été écartés pour des raison politiques Les Aventures de Tintin
38%
Un court documentaire de deux à trois minutes succède à la fin de chaque épisode Les Mystérieuses cités d'Or
33%
Vendu pour quarante francs à un artiste de rue du nom de Vitalis Remi sans famille
32%
Ses compagnons ont été plongés dans une léthargie jusqu'au Royaume d'Hadès Ulysse 31
32%
Au contraire du film, Alan ne remonte pas le temps et ne redevient pas enfant. La dernière énigme est : "Un acte de gentillesse sans conditions te sortira de cette terrible situation" Jumanji
30%
Ses dialogues incompréhensibles dans un "langage manchot" ont favorisé son succès à l'international Pingu
27%
Les messagers de la douleurs sont représentés en motards Il était une fois la vie
19%
Le héros, aidé de ses amis, part à la recherche de son père, tout en combattant les Monstroplantes Jayce et les conquérants de la lumière
16%
La Catapulte infernale est l'œuvre des jumeaux Derrick Olive et Tom
15%
L'originalité vient du fait que les deux héros ne se rencontrent jamais. L'un des deux vit dans une décharge Les Entrechats
10%
Le Professeur Chassard et son assistant cherchent à dévoiler aux humains leur existence Les Minipouss
7%
Aucun quiz correspondant
Distribution des résultats
% des personnes avec chaque résultat
Percentile par nombre de réponses
Votre historique - résultats
Vous n’avez pas pris ce quiz